000 00975nam2a2200265 4500
001 RU\NLR\bibl\1738065
005 20250616111830.0
010 _a978-5-383-00571-2
_bкн. 1
_9500
021 _aRU
_b2011-4319
_9296
035 _a(NLR Aleph) 001728992
090 _a1387463
_c1387463
100 _a20110218d2010 |||y0rusy50 ca
101 0 _arus
102 _aRU
105 _aa |||||||||
200 0 _aКн. 1
210 _d2010
_aБ. м.
215 _a490 с.
_cил.
320 _aБиблиогр. в конце разд.
461 0 _1001RU\NLR\bibl\1754390
_12001#$aТеплообменные аппараты ТЭС$vКн. 1
_91484500
_cМосква
_d2010
_f[А.З. Даминов и др.]
_nИздательский дом МЭИ
_oсправочник : в 2 кн.
_tТеплообменные аппараты ТЭС
_y978-5-383-00570-5
_vКн. 1
801 0 _aRU
_bNLR
_c20110218
_gRCR
801 1 _aRU
_bNLR
_c20110218
942 _cBOOK
980 _aNB